000 00730nam a2200229Ia 4500
005 20241129111509.0
008 241129s9999||||xx |||||||||||||| ||und||
020 _a978-93-90702-01-5
037 _aTB
040 _aCRL
_bhin
_cCRL
041 _ahin
_2hin
084 _aV2y7M69 152R1
_qCRL
100 _aअरूण प्रकाश, ले.
245 0 _aगांधी के राम
_cअरूण प्रकाश, ले.
260 _aनई दिल्ली, भारत
_bकिताबवाले
_c2021
300 _a87पृ0
365 _aINR
_b300
546 _aTranslated from Sanskrit to Hindi
650 _a History
942 _cTB
_hV2y7M69 152R1
999 _c1230725
_d1230725